000 00264nam a22001217a 4500
003 SGT
082 _a370
_bSHA
100 _aSHARMA, DR. P.N.
245 _a149 WAYS TO IMPROVE CONCENTRATION
260 _aDELHI
_bSR PUB.
_c2012
300 _a201
942 _2ddc
_cBK
999 _c17577
_d17577